Endocrinologia basada en la evidencia / (Registro nro. 1598)

Detalles MARC
000 -LEADER
fixed length control field 01178nam a2200325 a 4500
008 - CAMPO DE CONTROL (LIBRO)
fixed length control field 130729s2013 ag ||||| |||| 00| 0 spa d
020 ## - INTERNATIONAL STANDARD BOOK NUMBER
ISBN 9788415684046
041 ## - CODIGO DE IDIOMA
Código de idioma del texto/pista de sonido o título separado spa
092 ## - SIGNATURA TOPOGRAFICA DEWEY LOCAL
número de clasificación 616.4
libristica 10
sección CAM
100 1# - ENTRADA PRINCIPAL--NOMBRE PERSONAL
Nombre personal Camacho, Pauline M.
9 (RLIN) 2556
245 ## - TITULO PROPIAMENTE DICHO
Título Endocrinologia basada en la evidencia /
Mención de responsabilidad y remanente de la transcripción de la portada Pauline M. Camacho
250 ## - MENCION DE EDICION
Mención de edición 3a ed.
Mención de responsabilidad relacionada con la ed. Traducción Bardo Andres Lira Mendoza
260 ## - PIE DE IMPRENTA
Lugar de publicación, distribución, etc Barcelona:
Nombre de la editorial, distribuidor, etc Lippincott;
Fecha de publicación 2013.
300 ## - DESCRIPCION FISICA
Extension 410 p.
500 ## - NOTA GENERAL
Nota general Camacho, P. M., Gharib, H. y Sizemore, G. W. (Eds.). (2013). Endocrinologia basada en la evidencia. (3a ed.). Barcelona : Lippincott.
653 ## - TÉRMINO INDIZADO - PALABRAS CLAVES
Palabra clave Endocrinologia
653 ## - TÉRMINO INDIZADO - PALABRAS CLAVES
Palabra clave Enfermedades hipotalamo-hipofisiarias
653 ## - TÉRMINO INDIZADO - PALABRAS CLAVES
Palabra clave Enfermedades de las tiroides
653 ## - TÉRMINO INDIZADO - PALABRAS CLAVES
Palabra clave Enfermedades de las glandulas suprarrenales
653 ## - TÉRMINO INDIZADO - PALABRAS CLAVES
Palabra clave Trastornos metabolicos oseos
653 ## - TÉRMINO INDIZADO - PALABRAS CLAVES
Palabra clave Trastornos de la reproduccion
653 ## - TÉRMINO INDIZADO - PALABRAS CLAVES
Palabra clave Diabetes Mellitus
653 ## - TÉRMINO INDIZADO - PALABRAS CLAVES
Palabra clave Trastornos relacionados con los lipidos
653 ## - TÉRMINO INDIZADO - PALABRAS CLAVES
Palabra clave Obesidad y nutricion
653 ## - TÉRMINO INDIZADO - PALABRAS CLAVES
Palabra clave Neoplasia endocrina multiple
653 ## - TÉRMINO INDIZADO - PALABRAS CLAVES
Palabra clave Tumores carcinoides
700 1# - ENTRADAS SECUNDARIAS - NOMBRE PERSONAL
Nombre personal Gharib, Hossein
9 (RLIN) 2558
700 1# - ENTRADAS SECUNDARIAS - NOMBRE PERSONAL
Nombre personal Sizemore, Glen W.
9 (RLIN) 2559
942 ## - ADDED ENTRY ELEMENTS (KOHA)
Source of classification or shelving scheme Dewey Decimal Classification
Item type Libros
Existencias
Estado de retiro Existencia Fuente de clasificación Estado general No para prestamo Colección Ubicación permanente ubicación actual Sala de ubicación Fecha de adquisición Fuente de adquisición Costo, precio normal de compra Total Checkouts Número de clasificación Código de barras Date last seen Número de ejemplar Price effective from Koha tipo de elemento (item) Public note Date last borrowed
    Dewey Decimal Classification     Reference Biblioteca Medicina Biblioteca Medicina Referencia 29/07/2013 Promed 404.00   616.4 10 CAM 3055 06/11/2014 Ej. 1 29/07/2013 Reference PROMED 2do año LIBRO DE CONSULTA  
    Dewey Decimal Classification     Non-fiction Biblioteca Medicina Biblioteca Medicina Circulación 29/07/2013 Promed 404.00   616.4 10 CAM 3056 06/11/2014 Ej. 2 29/07/2013 Libros PROMED 2do año  
    Dewey Decimal Classification     Non-fiction Biblioteca Medicina Biblioteca Medicina Circulación 29/07/2013 Promed 404.00 2 616.4 10 CAM 3057 31/07/2017 Ej. 3 29/07/2013 Libros PROMED 2do año 26/05/2017

UNIVERSIDAD NACIONAL DEL COMAHUE
Biblioteca de la Facultad de Ciencias Médicas
Sede Toschi: Los Arrayanes y Av. Toschi, Cipolletti  - Rio Negro
Sede Los Tordos:  Yrigoyen al 2211, Cipolletti - Rio Negro 

Teléfono: 0299 - 4774707 int 25
Contacto: biblioteca@facimed.uncoma.edu.ar
© 2011 - 2026